[Event "Oberliga Wuerttemberg 1617"]
[Site "Wuerttemberg"]
[Date "2016.10.30"]
[Round "3.4"]
[White "Maeurer, Christoph"]
[Black "Stuermer, Robin Gabriel"]
[Result "0-1"]
[WhiteElo "2276"]
[BlackElo "2186"]
[PlyCount "66"]
[EventDate "2016.09.25"]
[EventType "team-tourn"]
[EventRounds "11"]
[EventCountry "GER"]
[SourceTitle "EXT 2019"]
[Source "ChessBase"]
[SourceDate "2018.10.10"]
[SourceVersion "1"]
[SourceVersionDate "2018.10.10"]
[SourceQuality "1"]
[WhiteTeam "Stuttgart SF"]
[BlackTeam "Heilbronn"]
[WhiteTeamCountry "GER"]
[BlackTeamCountry "GER"]

1. Nf3 d5 2. c4 c6 3. g3 Nf6 4. Bg2 dxc4 5. 0-0 Nbd7 6. Qc2 Nb6 7. Na3 Qd5 8. b3 cxb3 9. axb3 Be6 10. Rb1 Qh5 11. Re1 Bh3 12. Bh1 e6 13. b4 Rc8 14. e4 Bg4 15. Qc3 c5 16. b5 c4 17. Ne5 Bd6 18. Nf3 0-0 19. Nh4 Bc5 20. Nc2 Rfd8 21. Ne3 Rd3 22. Qa1 Ra8 23. Bg2 a6 24. h3 Be2 25. Rxe2 axb5 26. Qxa8+ Nxa8 27. Nf3 Bxe3 28. fxe3 Nxe4 29. g4 Qd5 30. Ne1 Nc7 31. Ra1 Rb3 32. Bf3 f5 33. Kg2 Qe5 0-1

[Event "Oberliga Wuerttemberg 1516"]
[Site "Wuerttemberg"]
[Date "2016.01.17"]
[Round "5.4"]
[White "Maeurer, Christoph"]
[Black "Bathray, Johannes"]
[Result "1-0"]
[WhiteElo "2226"]
[BlackElo "2104"]
[PlyCount "65"]
[EventDate "2015.09.20"]
[EventType "team-tourn"]
[EventRounds "9"]
[EventCountry "GER"]
[SourceTitle "EXT 2019"]
[Source "ChessBase"]
[SourceDate "2018.10.10"]
[SourceVersion "1"]
[SourceVersionDate "2018.10.10"]
[SourceQuality "1"]
[WhiteTeam "Stuttgart SF"]
[BlackTeam "Boeblingen"]
[WhiteTeamCountry "GER"]
[BlackTeamCountry "GER"]

1. Nf3 Nf6 2. c4 g6 3. Nc3 Bg7 4. e4 c5 5. d4 cxd4 6. Nxd4 d6 7. Be2 Nc6 8. Be3 0-0 9. 0-0 Bd7 10. Nc2 Rc8 11. f3 Ne5 12. b3 a6 13. a4 Qc7 14. a5 h5 15. Qd2 Bc6 16. Bd4 Ned7 17. b4 Ne5 18. Ne3 Bd7 19. Ncd5 Nxd5 20. exd5 e6 21. f4 Ng4 22. Bxg4 Bxd4 23. Qxd4 hxg4 24. Nxg4 e5 25. Nf6+ Kg7 26. fxe5 dxe5 27. Qe3 Rfd8 28. c5 Bb5 29. d6 Qc6 30. Rf2 e4 31. Qg5 Rh8 32. Qe5 e3 33. Ne8+ 1-0

[Event "Oberliga Wuerttemberg 1516"]
[Site "Wuerttemberg"]
[Date "2015.11.15"]
[Round "3.4"]
[White "Maeurer, Christoph"]
[Black "Latzke, Boris Alexander"]
[Result "1/2-1/2"]
[WhiteElo "2226"]
[BlackElo "2187"]
[PlyCount "45"]
[EventDate "2015.09.20"]
[EventType "team-tourn"]
[EventRounds "9"]
[EventCountry "GER"]
[SourceTitle "EXT 2019"]
[Source "ChessBase"]
[SourceDate "2018.10.10"]
[SourceVersion "1"]
[SourceVersionDate "2018.10.10"]
[SourceQuality "1"]
[WhiteTeam "Stuttgart SF"]
[BlackTeam "Bebenhausen"]
[WhiteTeamCountry "GER"]
[BlackTeamCountry "GER"]

1. Nf3 Nf6 2. c4 e6 3. g3 d5 4. Bg2 Be7 5. 0-0 0-0 6. b3 c5 7. Bb2 Nc6 8. e3 b6 9. Nc3 Bb7 10. cxd5 Nxd5 11. Nxd5 Qxd5 12. d4 Rac8 13. Ne5 Qd8 14. dxc5 Nxe5 15. Bxb7 Rxc5 16. Qxd8 Rxd8 17. Bxe5 Rxe5 18. Rfd1 g6 19. Rxd8+ Bxd8 20. Rd1 Bf6 21. a4 Rc5 22. Ba6 Rc7 23. Bc4 1/2-1/2

[Event "Oberliga Wuerttemberg 1516"]
[Site "Wuerttemberg"]
[Date "2015.10.11"]
[Round "2.5"]
[White "Maeurer, Christoph"]
[Black "Polak, Tomas"]
[Result "0-1"]
[WhiteElo "2226"]
[BlackElo "2516"]
[PlyCount "136"]
[EventDate "2015.09.20"]
[EventType "team-tourn"]
[EventRounds "9"]
[EventCountry "GER"]
[SourceTitle "EXT 2019"]
[Source "ChessBase"]
[SourceDate "2018.10.10"]
[SourceVersion "1"]
[SourceVersionDate "2018.10.10"]
[SourceQuality "1"]
[WhiteTeam "Stuttgart SF"]
[BlackTeam "Deizisau"]
[WhiteTeamCountry "GER"]
[BlackTeamCountry "GER"]

1. Nf3 Nf6 2. c4 b6 3. g3 Bb7 4. Bg2 e6 5. 0-0 Be7 6. b3 0-0 7. Bb2 d5 8. e3 c5 9. Nc3 dxc4 10. bxc4 Nc6 11. Qe2 Qd7 12. Rfd1 Rfd8 13. d3 Qe8 14. Rab1 Rd7 15. Ne1 Qf8 16. f4 Ne8 17. g4 Rad8 18. f5 exf5 19. gxf5 Nd6 20. Nd5 Nxf5 21. Bh3 Rxd5 22. cxd5 Rxd5 23. Qf3 Ncd4 24. exd4 Nh4 25. Qf4 Rd6 26. d5 Bxd5 27. Be5 Ng6 28. Bxd6 Nxf4 29. Bxf4 Bf6 30. Bg2 Bxa2 31. Ra1 Bb3 32. Rxa7 Bxd1 33. Ra8 Bd8 34. Bd5 Qe7 35. Ng2 Bg4 36. Ne3 Bh3 37. Be4 Be6 38. Rb8 g6 39. h4 Kg7 40. h5 g5 41. Be5+ Kh6 42. Rb7 Qe8 43. Rb8 Qd7 44. Rb7 Qxb7 45. Bxb7 f6 46. Bd6 f5 47. Be5 Kxh5 48. d4 cxd4 49. Bxd4 b5 50. Nd5 Kg6 51. Bc5 h5 52. Nc3 h4 53. Nxb5 Bd7 54. Nd4 Bf6 55. Bd5 Bxd4+ 56. Bxd4 f4 57. Bf3 Kf7 58. Bf2 Bf5 59. Bb7 Be6 60. Bb6 Kg6 61. Kh2 g4 62. Be4+ Kh5 63. Bc6 g3+ 64. Kg2 Bg4 65. Be8+ Kh6 66. Bc7 f3+ 67. Kh1 f2 68. Bb5 Bf3# 0-1

[Event "Basel op"]
[Site "Basel"]
[Date "2014.01.02"]
[Round "3"]
[White "Stoeri, Laura"]
[Black "Maeurer, Christoph"]
[Result "1/2-1/2"]
[WhiteElo "2103"]
[BlackElo "2281"]
[PlyCount "86"]
[EventDate "2014.01.01"]
[EventType "swiss"]
[EventRounds "7"]
[EventCountry "SUI"]
[SourceTitle "CBM 158 Extra"]
[Source "ChessBase"]
[SourceDate "2014.02.28"]
[SourceVersion "1"]
[SourceVersionDate "2014.02.28"]
[SourceQuality "1"]

1. e4 e6 2. d4 d5 3. Nd2 Nf6 4. e5 Nfd7 5. c3 c5 6. Bd3 b6 7. Ne2 Ba6 8. Bxa6 Nxa6 9. 0-0 Nc7 10. f4 f5 11. exf6 Nxf6 12. Ng3 cxd4 13. cxd4 Bd6 14. Nf3 0-0 15. Qe2 Qd7 16. Bd2 Rfe8 17. a4 Qc8 18. b4 Qb7 19. Ne5 b5 20. a5 Na6 21. Nd3 Rac8 22. Nc5 Bxc5 23. dxc5 Nb8 24. Bc3 a6 25. Bxf6 gxf6 26. Nh5 Qf7 27. Ra3 Kh8 28. Rh3 Nc6 29. Qb2 d4 30. Qb1 Rc7 31. Ng3 f5 32. Ne2 Qf6 33. Rd1 e5 34. fxe5 Qxe5 35. Nc1 Rg7 36. Nd3 Qe2 37. Nf4 Qe4 38. Rf1 Ne5 39. Qb2 d3 40. Nh5 Rg6 41. Nf4 Rg7 42. Nh5 Rg6 43. Nf4 Rg7 1/2-1/2

[Event "Oberliga Wuerttemberg 1314"]
[Site "Wuerttemberg"]
[Date "2013.11.24"]
[Round "3.6"]
[White "Maeurer, Christoph"]
[Black "Gulde, Juergen"]
[Result "1-0"]
[WhiteElo "2195"]
[BlackElo "1977"]
[PlyCount "47"]
[EventDate "2013.10.13"]
[EventType "team-tourn"]
[EventRounds "9"]
[EventCountry "GER"]
[SourceTitle "EXT 2019"]
[Source "ChessBase"]
[SourceDate "2018.10.10"]
[SourceVersion "1"]
[SourceVersionDate "2018.10.10"]
[SourceQuality "1"]
[WhiteTeam "Stuttgart SF"]
[BlackTeam "Schwaebisch Gmuend"]
[WhiteTeamCountry "GER"]
[BlackTeamCountry "GER"]

1. Nf3 Nf6 2. c4 g6 3. Nc3 d5 4. cxd5 Nxd5 5. Qc2 Nc6 6. d4 Ndb4 7. Qa4 Bd7 8. Qd1 Be6 9. a3 Nd5 10. e4 Nxc3 11. bxc3 Bg4 12. Bc4 Qd7 13. h3 Bxf3 14. Qxf3 f6 15. Rb1 0-0-0 16. 0-0 h5 17. Qe2 Nb8 18. Qa2 Qd6 19. Be6+ Nd7 20. a4 a5 21. Ba3 Qa6 22. Rb2 b6 23. Rfb1 g5 24. c4 1-0

[Event "Basel Hilton op 15th"]
[Site "Basel"]
[Date "2013.01.04"]
[Round "5"]
[White "Mueller, Werner3333"]
[Black "Maeurer, Christoph"]
[Result "0-1"]
[WhiteElo "2033"]
[BlackElo "2291"]
[PlyCount "78"]
[EventDate "2013.01.01"]
[EventType "swiss"]
[EventRounds "7"]
[EventCountry "SUI"]
[SourceTitle "CBM 152 Extra"]
[Source "ChessBase"]
[SourceDate "2013.02.25"]
[SourceVersion "1"]
[SourceVersionDate "2013.02.25"]
[SourceQuality "1"]

1. e4 e6 2. d4 d5 3. Nd2 Nf6 4. e5 Nfd7 5. c3 c5 6. Bd3 b6 7. Ndf3 Ba6 8. Ne2 Bxd3 9. Qxd3 Qc8 10. 0-0 Qa6 11. Qxa6 Nxa6 12. Bd2 h6 13. Rac1 b5 14. a4 bxa4 15. c4 dxc4 16. Nc3 cxd4 17. Nxd4 Nxe5 18. Nxa4 Rd8 19. Bc3 Nd3 20. Rc2 Nab4 21. Re2 Be7 22. f4 Rd5 23. f5 e5 24. Nf3 f6 25. Re4 Nc5 26. Nxc5 Bxc5+ 27. Kh1 0-0 28. Rxc4 Rb8 29. Ra1 Nd3 30. h3 Bb6 31. g4 Rbd8 32. h4 e4 33. Ne1 Nf2+ 34. Kg2 Nxg4 35. Rxe4 Ne3+ 36. Kf3 Rxf5+ 37. Ke2 Nd5 38. Bd2 Rf2+ 39. Kd1 Ne3+ 0-1

[Event "BL2-Sued 1213"]
[Site "Germany"]
[Date "2012.10.14"]
[Round "1.6"]
[White "Csonka, Attila Istvan"]
[Black "Maeurer, Christoph"]
[Result "1-0"]
[WhiteElo "2423"]
[BlackElo "2291"]
[PlyCount "125"]
[EventDate "2012.10.14"]
[EventType "team-tourn"]
[EventRounds "9"]
[EventCountry "GER"]
[SourceTitle "CBM 154 Extra"]
[Source "ChessBase"]
[SourceDate "2013.06.25"]
[SourceVersion "2"]
[SourceVersionDate "2013.06.25"]
[SourceQuality "1"]
[WhiteTeam "Schwegenheim"]
[BlackTeam "Stuttgart"]
[WhiteTeamCountry "GER"]
[BlackTeamCountry "GER"]

1. e4 e6 2. d4 d5 3. Nd2 Nf6 4. e5 Nfd7 5. Bd3 c5 6. c3 Nc6 7. Ne2 cxd4 8. cxd4 f6 9. exf6 Nxf6 10. 0-0 Bd6 11. Nf3 0-0 12. Bd2 Kh8 13. Ng3 Qb6 14. Bc3 Bd7 15. Qe2 Rae8 16. Rad1 Re7 17. Bb1 Nd8 18. Rfe1 Be8 19. Ne5 Nd7 20. Qc2 g6 21. Nf3 Bf4 22. Bd2 Nb8 23. Bxf4 Rxf4 24. Qd2 Rf8 25. Qh6 Rg7 26. b3 Nbc6 27. Qe3 Qb4 28. Re2 a5 29. Ng5 Bd7 30. h4 Qd6 31. Nh3 Qe7 32. Ng5 Qf6 33. Nf1 Qf4 34. g3 Qxe3 35. Rxe3 h6 36. Nf3 Nf7 37. N1h2 Rgg8 38. Ng4 Kg7 39. Kg2 Re8 40. h5 gxh5 41. Nge5 Ncxe5 42. Nxe5 Nxe5 43. Rxe5 Rc8 44. Rh1 Be8 45. Rxe6 Rc7 46. Bd3 Bf7 47. Rb6 Ra8 48. g4 hxg4 49. Rbxh6 Rg8 50. Rd6 Rh8 51. Rxh8 Kxh8 52. Bf5 Kg8 53. Kg3 a4 54. Kxg4 Rc1 55. bxa4 Rd1 56. Kg5 Kg7 57. Rd7 Rg1+ 58. Kf4 Kf6 59. Rxb7 Rd1 60. Rb6+ Ke7 61. Ke3 Re1+ 62. Kd2 Ra1 63. Bb1 1-0

[Event "Pardubice Czech op-A 23rd"]
[Site "Pardubice"]
[Date "2012.07.20"]
[Round "1"]
[White "Maeurer, Christoph"]
[Black "Stupak, Kirill"]
[Result "0-1"]
[WhiteElo "2266"]
[BlackElo "2512"]
[PlyCount "74"]
[EventDate "2012.07.12"]
[EventType "swiss"]
[EventRounds "9"]
[EventCountry "CZE"]
[SourceTitle "CBM 149 Extra"]
[Source "ChessBase"]
[SourceDate "2012.08.24"]
[SourceVersion "1"]
[SourceVersionDate "2012.08.24"]
[SourceQuality "1"]

1. Nf3 Nf6 2. c4 e6 3. g3 c5 4. Bg2 a6 5. Nc3 b6 6. d4 cxd4 7. Nxd4 Ra7 8. e4 d6 9. 0-0 Be7 10. b3 Rc7 11. Bb2 Nbd7 12. Qe2 0-0 13. Rad1 Bb7 14. Rfe1 Qa8 15. h3 Rfc8 16. Qe3 Bf8 17. Re2 h6 18. f4 Re8 19. Kh2 Nc5 20. Nc2 Rcc8 21. b4 Ncd7 22. e5 Nh7 23. Rd4 b5 24. cxb5 Bxg2 25. Rxg2 d5 26. a4 Nb6 27. Qe1 axb5 28. a5 Nc4 29. Ba1 Rc6 30. Rd1 Rb8 31. Nd4 Bxb4 32. Nxc6 Qxc6 33. Nxd5 Qxd5 34. Qxb4 Qxd1 35. Bc3 Qa4 36. Qc5 Nxa5 37. Qc7 Ra8 0-1

[Event "Oberliga Wuerttemberg 1112"]
[Site "Wuerttemberg"]
[Date "2012.03.18"]
[Round "8.4"]
[White "Hoenick, Andreas"]
[Black "Maeurer, Christoph"]
[Result "1/2-1/2"]
[WhiteElo "2193"]
[BlackElo "2285"]
[PlyCount "107"]
[EventDate "2011.10.09"]
[EventType "team-tourn"]
[EventRounds "9"]
[EventCountry "GER"]
[SourceTitle "EXT 2019"]
[Source "ChessBase"]
[SourceDate "2018.10.10"]
[SourceVersion "1"]
[SourceVersionDate "2018.10.10"]
[SourceQuality "1"]
[WhiteTeam "Schwaebisch Gmuend"]
[BlackTeam "Stuttgart SF"]
[WhiteTeamCountry "GER"]
[BlackTeamCountry "GER"]

1. d4 Nf6 2. c4 g6 3. g3 Bg7 4. Bg2 0-0 5. Nc3 d6 6. Nf3 Nc6 7. 0-0 a6 8. b3 Rb8 9. Nd5 e6 10. Nxf6+ Bxf6 11. Bh6 Re8 12. Rc1 e5 13. d5 Ne7 14. Bg5 Bxg5 15. Nxg5 Nf5 16. Ne4 Ng7 17. c5 Bf5 18. Nd2 Re7 19. e4 Bc8 20. Rc3 Ne8 21. Qc2 dxc5 22. Rxc5 b6 23. Rc3 a5 24. Nc4 Ba6 25. Rc1 Ra8 26. Bh3 Ra7 27. Ne3 Nd6 28. a4 h5 29. Bf1 Bxf1 30. Kxf1 Kh7 31. g4 f6 32. gxh5 gxh5 33. Qe2 Qe8 34. Nf5 Nxf5 35. exf5 Rg7 36. Rc6 Qf7 37. Re6 Ra8 38. Rcc6 Kg8 39. Qf3 Rd8 40. Rxf6 Qxd5 41. Qxd5+ Rxd5 42. Rh6 Rd3 43. Rxh5 Rxb3 44. f6 Rd7 45. Rxe5 Rb4 46. Re8+ Kf7 47. Rh8 Rd6 48. Rxd6 cxd6 49. Rd8 Rxa4 50. Rd7+ Ke8 51. Rb7 Rb4 52. h4 Rxh4 53. Rxb6 Rd4 54. Ra6 1/2-1/2

[Event "Oberliga Wuerttemberg 1011"]
[Site "Wuerttemberg"]
[Date "2010.11.21"]
[Round "3"]
[White "Weiss, Andreas"]
[Black "Maeurer, Christoph"]
[Result "1/2-1/2"]
[WhiteElo "2237"]
[BlackElo "2301"]
[PlyCount "36"]
[EventDate "2010.09.26"]
[EventType "team-tourn"]
[EventRounds "9"]
[EventCountry "GER"]
[SourceTitle "EXT 2019"]
[Source "ChessBase"]
[SourceDate "2018.10.10"]
[SourceVersion "1"]
[SourceVersionDate "2018.10.10"]
[SourceQuality "1"]
[WhiteTeam "Schwaebisch Gmuend"]
[BlackTeam "Stuttgart SF"]
[WhiteTeamCountry "GER"]
[BlackTeamCountry "GER"]

1. e4 e6 2. d4 d5 3. Nd2 a6 4. Ngf3 Nf6 5. Bd3 c5 6. dxc5 dxe4 7. Nxe4 Nxe4 8. Bxe4 Qxd1+ 9. Kxd1 Bxc5 10. Be3 Bxe3 11. fxe3 Nd7 12. Ke2 Nc5 13. Bd3 f6 14. b4 Nxd3 15. cxd3 Bd7 16. Rhc1 Ke7 17. Rc7 Rab8 18. Rac1 Rhc8 1/2-1/2

[Event "Staufer op 22nd"]
[Site "Schwaebisch Gmuend"]
[Date "2010.01.05"]
[Round "8"]
[White "Maeurer, Christoph"]
[Black "Birkenmaier, Rainer"]
[Result "1/2-1/2"]
[WhiteElo "2310"]
[BlackElo "2119"]
[PlyCount "31"]
[EventDate "2010.01.02"]
[EventType "swiss"]
[EventRounds "9"]
[EventCountry "GER"]
[SourceTitle "CBM 134 Extra"]
[Source "ChessBase"]
[SourceDate "2010.03.03"]
[SourceVersion "1"]
[SourceVersionDate "2010.03.03"]
[SourceQuality "1"]

1. Nf3 d5 2. c4 e6 3. e3 Nf6 4. b3 Be7 5. g3 0-0 6. Bg2 b6 7. 0-0 Bb7 8. Bb2 c5 9. Nc3 Nbd7 10. Qe2 Rc8 11. Rac1 Qc7 12. cxd5 Nxd5 13. Nxd5 Bxd5 14. e4 Bb7 15. d4 Qb8 16. Rcd1 1/2-1/2

[Event "Staufer op 22nd"]
[Site "Schwaebisch Gmuend"]
[Date "2010.01.04"]
[Round "7"]
[White "Budzyn, Matthias"]
[Black "Maeurer, Christoph"]
[Result "1/2-1/2"]
[WhiteElo "2208"]
[BlackElo "2310"]
[PlyCount "40"]
[EventDate "2010.01.02"]
[EventType "swiss"]
[EventRounds "9"]
[EventCountry "GER"]
[SourceTitle "CBM 134 Extra"]
[Source "ChessBase"]
[SourceDate "2010.03.03"]
[SourceVersion "1"]
[SourceVersionDate "2010.03.03"]
[SourceQuality "1"]

1. e4 e6 2. d4 d5 3. e5 c5 4. c3 Nc6 5. Nf3 Qb6 6. a3 c4 7. Nbd2 Na5 8. h4 Bd7 9. g3 Ne7 10. h5 h6 11. Nh4 0-0-0 12. Bh3 Kb8 13. 0-0 Ka8 14. Kh2 Rg8 15. Ng2 Nc8 16. Ne3 f6 17. f4 Qc6 18. Qc2 Rh8 19. b4 cxb3 20. Nxb3 Nc4 1/2-1/2

[Event "Staufer op 22nd"]
[Site "Schwaebisch Gmuend"]
[Date "2010.01.04"]
[Round "6"]
[White "Maeurer, Christoph"]
[Black "Koenig, Dirk"]
[Result "1-0"]
[WhiteElo "2310"]
[BlackElo "2106"]
[PlyCount "73"]
[EventDate "2010.01.02"]
[EventType "swiss"]
[EventRounds "9"]
[EventCountry "GER"]
[SourceTitle "CBM 134 Extra"]
[Source "ChessBase"]
[SourceDate "2010.03.03"]
[SourceVersion "1"]
[SourceVersionDate "2010.03.03"]
[SourceQuality "1"]

1. Nf3 d6 2. d4 g6 3. c4 Bg7 4. Nc3 Nf6 5. e4 0-0 6. Be2 e5 7. 0-0 Nc6 8. d5 Ne7 9. Ne1 Ne8 10. Be3 f5 11. f3 f4 12. Bf2 g5 13. c5 Rf7 14. a4 a5 15. cxd6 cxd6 16. Qb3 Ng6 17. Bb6 Qe7 18. Nb5 g4 19. fxg4 Nf6 20. Nc7 Rb8 21. Ne6 Nxe4 22. Nf3 Bxe6 23. dxe6 Rff8 24. Rac1 Rfc8 25. Bd3 d5 26. g5 Nc5 27. Qxd5 Nxd3 28. Qxd3 Qxe6 29. Qb5 Rxc1 30. Rxc1 Rc8 31. Rxc8+ Qxc8 32. Qd5+ Kh8 33. h4 Ne7 34. Qf7 Nc6 35. h5 e4 36. h6 Bxb2 37. Nd4 1-0

[Event "BL2-Sued 0910"]
[Site "Germany"]
[Date "2009.11.29"]
[Round "3.6"]
[White "Maeurer, Christoph"]
[Black "Guenthner, Oliver"]
[Result "1-0"]
[WhiteElo "2215"]
[BlackElo "2280"]
[PlyCount "95"]
[EventDate "2009.10.18"]
[EventType "team-tourn"]
[EventRounds "9"]
[EventCountry "GER"]
[SourceTitle "EXT 2011"]
[Source "ChessBase"]
[SourceDate "2010.11.26"]
[SourceVersion "1"]
[SourceVersionDate "2010.11.26"]
[SourceQuality "1"]
[WhiteTeam "Stuttgart"]
[BlackTeam "Neuhausen"]
[WhiteTeamCountry "GER"]
[BlackTeamCountry "GER"]

1. Nf3 c5 2. c4 g6 3. d4 cxd4 4. Nxd4 Nf6 5. Nc3 Bg7 6. e4 d6 7. Be2 Nc6 8. Nc2 Nd7 9. Bd2 0-0 10. 0-0 Nc5 11. b4 Bxc3 12. Bxc3 Nxe4 13. Bb2 f5 14. Qe1 Qc7 15. Rc1 Ne5 16. Nd4 a6 17. f4 Nf7 18. Bf3 e5 19. Nb3 Nf6 20. c5 Ne8 21. cxd6 Qb6+ 22. Kh1 e4 23. Be2 Nfxd6 24. Qc3 Kf7 25. Nc5 Be6 26. Nxe6 Kxe6 27. Rfd1 Rd8 28. Qb3+ Ke7 29. Bd4 Qc7 30. Rxc7+ Nxc7 31. a4 Ne6 32. Be5 Nf7 33. Rxd8 Rxd8 34. g3 Nxe5 35. fxe5 Rd2 36. Qe3 Rd4 37. b5 axb5 38. Bxb5 g5 39. Qa3+ Kf7 40. Be2 Nd8 41. Qc5 Nc6 42. Bc4+ Kg6 43. Bb5 Rd1+ 44. Kg2 Rd2+ 45. Kf1 f4 46. Bxc6 bxc6 47. gxf4 gxf4 48. Qd6+ 1-0

[Event "Oberliga Wuerttemberg 0809"]
[Site "Wuerttemberg"]
[Date "2008.11.30"]
[Round "3.3"]
[White "Engelhart, Achim"]
[Black "Maeurer, Christoph"]
[Result "1-0"]
[WhiteElo "2068"]
[BlackElo "2286"]
[PlyCount "87"]
[EventDate "2008.10.12"]
[EventType "team-tourn"]
[EventRounds "9"]
[EventCountry "GER"]
[SourceTitle "EXT 2019"]
[Source "ChessBase"]
[SourceDate "2018.10.10"]
[SourceVersion "1"]
[SourceVersionDate "2018.10.10"]
[SourceQuality "1"]
[WhiteTeam "Ulm Post"]
[BlackTeam "Bebenhausen"]
[WhiteTeamCountry "GER"]
[BlackTeamCountry "GER"]

1. e4 c5 2. Nf3 e6 3. d4 cxd4 4. Nxd4 a6 5. Bd3 Nf6 6. 0-0 d6 7. c4 Nbd7 8. Nc3 Ne5 9. Be2 Bd7 10. f4 Ng6 11. Nf3 Bc6 12. Bd3 Be7 13. Qe2 Qc7 14. Bd2 Rd8 15. Kh1 0-0 16. Rae1 Rfe8 17. Qf2 Qb8 18. Qe2 Bf8 19. Bc1 b6 20. Ng5 Qb7 21. Rf2 Rb8 22. e5 Nd7 23. Qh5 h6 24. Nxf7 Nh4 25. Nxh6+ gxh6 26. Qxh4 Nc5 27. Bc2 Re7 28. Re3 Rg7 29. Rg3 b5 30. cxb5 axb5 31. Rxg7+ Qxg7 32. b4 Nd7 33. Ne4 Be7 34. Qh3 Bd5 35. Rf3 Kh8 36. Rg3 Qf8 37. Rg6 Kh7 38. Nxd6 Bxd6 39. Rxh6+ Kg8 40. Rh8+ Kf7 41. Qh5+ Ke7 42. Qg5+ Nf6 43. exd6+ Kxd6 44. Rxf8 1-0

[Event "Oberliga Wuerttemberg 0708"]
[Site "Wuerttemberg"]
[Date "2008.04.06"]
[Round "8.5"]
[White "Junger, Ulrich"]
[Black "Maeurer, Christoph"]
[Result "0-1"]
[WhiteElo "2143"]
[BlackElo "2289"]
[PlyCount "80"]
[EventDate "2007.10.07"]
[EventType "team-tourn"]
[EventRounds "9"]
[EventCountry "GER"]
[SourceTitle "EXT 2018"]
[Source "ChessBase"]
[SourceDate "2017.10.13"]
[SourceVersion "1"]
[SourceVersionDate "2017.10.13"]
[SourceQuality "1"]
[WhiteTeam "Ebersbach"]
[BlackTeam "Bebenhausen"]
[WhiteTeamCountry "GER"]
[BlackTeamCountry "GER"]

1. e4 c5 2. Nf3 e6 3. d3 Nc6 4. Nbd2 d6 5. g3 g6 6. Bg2 Bg7 7. 0-0 Nge7 8. Re1 0-0 9. c3 e5 10. a4 h6 11. Nc4 Be6 12. Rb1 f5 13. exf5 gxf5 14. Qe2 Qd7 15. Nh4 Rae8 16. f4 e4 17. Be3 d5 18. Ne5 Nxe5 19. fxe5 b6 20. d4 cxd4 21. cxd4 Qxa4 22. Ra1 Qd7 23. Bh3 Rc8 24. Rf1 a5 25. Ng2 Ng6 26. Qh5 Kh7 27. Rf2 Rf7 28. Raf1 Rcf8 29. Nf4 Nxf4 30. Rxf4 Qe8 31. Bg2 Rc7 32. Qh3 Rc2 33. Rh4 f4 34. g4 fxe3 35. Rxf8 Qxf8 36. Qxe3 Rxb2 37. h3 Rxg2+ 38. Kxg2 Qf3+ 39. Qxf3 exf3+ 40. Kxf3 a4 0-1

[Event "BL2-Sued 0607"]
[Site "Germany"]
[Date "2007.04.22"]
[Round "9.3"]
[White "Maeurer, Christoph"]
[Black "Reich, Thomas"]
[Result "1/2-1/2"]
[WhiteElo "2260"]
[BlackElo "2440"]
[PlyCount "116"]
[EventDate "2006.10.15"]
[EventType "team-tourn"]
[EventRounds "9"]
[EventCountry "GER"]
[SourceTitle "EXT 2008"]
[Source "ChessBase"]
[SourceDate "2007.11.25"]
[SourceVersion "1"]
[SourceVersionDate "2007.11.25"]
[SourceQuality "1"]
[WhiteTeam "Bebenhausen"]
[BlackTeam "Bayern Muenchen"]
[WhiteTeamCountry "GER"]
[BlackTeamCountry "GER"]

1. Nf3 Nf6 2. c4 g6 3. Nc3 Bg7 4. e4 c5 5. d4 cxd4 6. Nxd4 Nc6 7. Be3 0-0 8. Be2 b6 9. Qd2 Bb7 10. f3 Qb8 11. Nb3 d6 12. 0-0 Rd8 13. Rfd1 Rd7 14. Bf1 Qf8 15. a4 Na5 16. Nxa5 bxa5 17. Rab1 Bc6 18. b3 Qd8 19. Qe1 Rb8 20. Kh1 Rdb7 21. Nb5 a6 22. Nd4 Qc7 23. Bd2 Nd7 24. Bxa5 Qc8 25. Nxc6 Qxc6 26. b4 Qxa4 27. c5 dxc5 28. Bxa6 Rxb4 29. Bxb4 cxb4 30. Bc4 Bc3 31. Qe3 Rc8 32. Bb3 Qc6 33. Qd3 Ne5 34. Qd5 e6 35. Qxc6 Nxc6 36. Rd6 Nd4 37. Bd1 Ra8 38. Rb6 Ra2 39. Rb7 g5 40. g3 Rf2 41. Kg1 Rd2 42. Kh1 h5 43. h4 gxh4 44. gxh4 Kg7 45. f4 Kg6 46. Rb6 f5 47. e5 Rf2 48. Rb8 Rxf4 49. Rg8+ Kf7 50. Rg5 Rxh4+ 51. Kg2 Rg4+ 52. Bxg4 fxg4 53. Rxh5 Nf5 54. Rh7+ Kg6 55. Rb7 Ne3+ 56. Kf2 Nd5 57. Kg3 Kf5 58. Rf7+ Kxe5 1/2-1/2

[Event "BL2-Sued 0607"]
[Site "Germany"]
[Date "2007.02.25"]
[Round "6.5"]
[White "Maeurer, Christoph"]
[Black "Heinatz, Thomas"]
[Result "1/2-1/2"]
[WhiteElo "2260"]
[BlackElo "2255"]
[PlyCount "116"]
[EventDate "2006.10.15"]
[EventType "team-tourn"]
[EventRounds "9"]
[EventCountry "GER"]
[SourceTitle "EXT 2008"]
[Source "ChessBase"]
[SourceDate "2007.11.25"]
[SourceVersion "1"]
[SourceVersionDate "2007.11.25"]
[SourceQuality "1"]
[WhiteTeam "Bebenhausen"]
[BlackTeam "Stuttgart"]
[WhiteTeamCountry "GER"]
[BlackTeamCountry "GER"]

1. Nf3 Nf6 2. c4 g6 3. Nc3 Bg7 4. e4 0-0 5. d4 c6 6. Bd3 d6 7. h3 Nbd7 8. Bg5 h6 9. Be3 e5 10. d5 cxd5 11. cxd5 Nh5 12. Qd2 Nf4 13. Bf1 g5 14. h4 g4 15. Ng1 h5 16. Nge2 f5 17. exf5 Nc5 18. Ng3 Bd7 19. Bxc5 dxc5 20. 0-0-0 Qa5 21. Kb1 Rad8 22. Nce4 Qxd2 23. Rxd2 b6 24. f3 gxf3 25. gxf3 Kh8 26. Rg1 Bh6 27. Rd1 Bxf5 28. Nxf5 Rxf5 29. Bc4 b5 30. Bxb5 Rxd5 31. Rxd5 Nxd5 32. Rd1 Ne3 33. Rd8+ Rf8 34. Rxf8+ Bxf8 35. Be8 Ng2 36. Bxh5 Nxh4 37. Bg4 Ng2 38. Kc2 Kg7 39. Kd3 Kf7 40. Kc4 Ne3+ 41. Kb5 c4 42. Nc3 Ke7 43. Bc8 Kd6 44. Bb7 Ke6 45. Be4 Be7 46. a4 Bd8 47. Bh7 Bb6 48. Ka6 Bd4 49. a5 Kd7 50. Bg8 Kc6 51. Bf7 Nc2 52. Be8+ Kc7 53. Kb5 Ne3 54. Bf7 Nf5 55. Bxc4 Nd6+ 56. Kb4 e4 57. fxe4 Bxc3+ 58. bxc3 Nxe4 1/2-1/2